Pastor : (Record no. 8860)
[ view plain ]
| 000 -LEADER | |
|---|---|
| fixed length control field | 01239cam a2200337 i 4500 |
| 001 - CONTROL NUMBER | |
| control field | 18988057 |
| 003 - CONTROL NUMBER IDENTIFIER | |
| control field | GBCCL |
| 005 - DATE AND TIME OF LATEST TRANSACTION | |
| control field | 20241126110700.0 |
| 008 - FIXED-LENGTH DATA ELEMENTS--GENERAL INFORMATION | |
| fixed length control field | 160224s2016 tnu b 001 0 eng |
| 010 ## - | |
| -- | 2016009061 |
| 020 ## - INTERNATIONAL STANDARD BOOK NUMBER | |
| International Standard Book Number | 9781501804908 (pbk. : alk. paper) |
| 040 ## - CATALOGING SOURCE | |
| Original cataloging agency | DLC |
| Language of cataloging | eng |
| Transcribing agency | DLC |
| Description conventions | rda |
| Modifying agency | DLC |
| 042 ## - | |
| -- | pcc |
| 050 00 - | |
| -- | BV4011.3 |
| -- | .W55 2016 |
| 082 00 - DEWEY DECIMAL CLASSIFICATION NUMBER | |
| Classification number | 253 |
| Edition information | 23 |
| Item number | WIL |
| 100 1# - MAIN ENTRY--PERSONAL NAME | |
| Personal name | Willimon, William H., |
| Relator term | author. |
| 9 (RLIN) | 15565 |
| 245 10 - TITLE STATEMENT | |
| Title | Pastor : |
| Remainder of title | the theology and practice of ordained ministry / |
| Statement of responsibility, etc. | William H. Willimon. |
| 250 ## - EDITION STATEMENT | |
| Edition statement | Revised Edition. |
| 264 #1 - PRODUCTION, PUBLICATION, DISTRIBUTION, MANUFACTURE, AND COPYRIGHT NOTICE | |
| Place of production, publication, distribution, manufacture | Nashville : |
| Name of producer, publisher, distributor, manufacturer | Abingdon Press, |
| Date of production, publication, distribution, manufacture, or copyright notice | [2016] |
| 300 ## - PHYSICAL DESCRIPTION | |
| Extent | 399 pages ; |
| Dimensions | 23 cm |
| 336 ## - CONTENT TYPE | |
| Content type term | text |
| Source | rdacontent |
| 337 ## - MEDIA TYPE | |
| Media type term | unmediated |
| Source | rdamedia |
| 338 ## - CARRIER TYPE | |
| Carrier type term | volume |
| Source | rdacarrier |
| 504 ## - BIBLIOGRAPHY, ETC. NOTE | |
| Bibliography, etc. note | Includes bibliographical references and indexes. |
| 650 #0 - SUBJECT ADDED ENTRY--TOPICAL TERM | |
| Topical term or geographic name entry element | Pastoral theology. |
| 9 (RLIN) | 414 |
| 650 #0 - SUBJECT ADDED ENTRY--TOPICAL TERM | |
| Topical term or geographic name entry element | Clergy |
| General subdivision | Office. |
| 9 (RLIN) | 299 |
| 776 08 - ADDITIONAL PHYSICAL FORM ENTRY | |
| Relationship information | Online version: |
| Main entry heading | Willimon, William H., author. |
| Title | Pastor |
| Edition | Revised Edition. |
| Place, publisher, and date of publication | Nashville : Abingdon Press, 2016 |
| International Standard Book Number | 9781501804915 |
| Record control number | (DLC) 2016009415 |
| 906 ## - LOCAL DATA ELEMENT F, LDF (RLIN) | |
| a | 7 |
| b | cbc |
| c | orignew |
| d | 1 |
| e | ecip |
| f | 20 |
| g | y-gencatlg |
| 942 ## - ADDED ENTRY ELEMENTS (KOHA) | |
| Source of classification or shelving scheme | Dewey Decimal Classification |
| Koha item type | Books |
| Koha issues (borrowed), all copies | 2 |
| Withdrawn status | Lost status | Source of classification or shelving scheme | Damaged status | Not for loan | Home library | Current Library | Shelving location | Date acquired | Total checkouts | Full call number | Barcode | Date last seen | Date last checked out | Copy number | Price effective from | Koha item type |
|---|---|---|---|---|---|---|---|---|---|---|---|---|---|---|---|---|
| Dewey Decimal Classification | GRACE BIBLE COLLEGE | GRACE BIBLE COLLEGE | Ministry & Mission | 2021-12-15 | 2 | 253 WIL | 015294 | 2025-05-01 | 2022-08-24 | c.1 | 2021-12-15 | Books |